Music Quiz

Random Music or Taylor Swift Quiz

Three Word #1s of the 2010s Quiz Stats

 Plays Quiz Updated Aug 25, 2019

Score 0/31 Timer 06:00
3 Plays Today
% Correct
Moves
97.2%
Call
87.2%
Party
85.9%
Shape
85.7%
Old
81.4%
Someone
80.3%
Shake
78.8%
What's
77.5%
Like
73.3%
Raise
72.8%
Born
71.1%
Thank
70.4%
Black
66.5%
We
61.6%
We
61.4%
Bad
59%
% Correct
Part
58.7%
This
55.1%
Girls
54.5%
One
48.7%
Give
48.2%
Break
46.2%
Can't
46%
All
46%
See
45.6%
Nothin'
40.7%
In
39.5%
Someone
36.1%
I
34.6%
Nice
32%
I'm
30.4%

You're not logged in!

Compare scores with friends on all Sporcle quizzes.
OR
Log In

Sporcle TV

Today on Sporcle TV


Watch our educational content, quiz creation guides, and fun videos on Sporcle TV.

Show Comments

Extras

Top Quizzes Today


Score Distribution

Your Account Isn't Verified!

In order to create a playlist on Sporcle, you need to verify the email address you used during registration. Go to your Sporcle Settings to finish the process.

Report this User

Report this user for behavior that violates our Community Guidelines.

Details: